Sports Quiz

Random Sports or Baseball Quiz

Potpourri of Sports Terms and Nicknames I Quiz Stats

 Plays Quiz not verified by Sporcle

Score 0/33 Timer 08:00
0 Plays Today
% Correct
Baseball (The Sport)
93.7%
Mark Clayton & Mark Duper
89.7%
Football Officials
89.1%
Evel Knievel
88.5%
Lee Travino's followers
86.2%
Hockey Rink
85.6%
Someone Good at Sports
85.6%
Hermann Maier
83.9%
Annie Oakley
83.3%
Girl Who Dresses Up, Hoping to get a Date with a Player
78.7%
Run Batted In
77%
Babe Ruth's 44-oz Bat
75.3%
Tennis Racket Middle or Ideal Part of the Face of a Club
74.7%
Wimbledon Tennis Championships
69.5%
Home Plate
68.4%
Rose Bowl
68.4%
Mountain Bike
68.4%
% Correct
Jai alai
63.2%
Harry Caray (Cubs announcer)
62.6%
Spit Ball
61.5%
Catching Gear
58.6%
Horseracing
56.9%
Bobby Fischer
55.2%
Grantland Rice
53.4%
Boxing
52.9%
Kicking a Ball Through Opponents Leg
51.1%
Skateboard
43.1%
A Basketball or Baseball
40.2%
Pitching Machine
29.9%
Golf
27.6%
An Inexperienced Surfer
26.4%
Snowboarder
17.2%
Non-Participant who Criticises
15.5%

You're not logged in!

Compare scores with friends on all Sporcle quizzes.
Join for Free
OR
Log In

You Might Also Like...

Show Comments

Extras

Top Quizzes Today


Score Distribution

Your Account Isn't Verified!

In order to create a playlist on Sporcle, you need to verify the email address you used during registration. Go to your Sporcle Settings to finish the process.

Report this User

Report this user for behavior that violates our Community Guidelines.

Details: